00173nam a2200073Ia 4500008004100000082000800041100002700049245002300076240331s9999 xx 000 0 und d bVEN aVenkatachalapathy, A.R 0aMuchandi ilakkiyam